UM Logo

Multilevel factors associated with depressive mood among multicultural adolescents in South Korea / (Record no. 24536)

MARC details
000 -LEADER
fixed length control field 00816nam a22001937a 4500
003 - CONTROL NUMBER IDENTIFIER
control field OSt
005 - DATE AND TIME OF LATEST TRANSACTION
control field 20260328101223.0
008 - FIXED-LENGTH DATA ELEMENTS--GENERAL INFORMATION
fixed length control field 260328b |||||||| |||| 00| 0 eng d
040 ## - CATALOGING SOURCE
Transcribing agency 0
082 ## - DEWEY DECIMAL CLASSIFICATION NUMBER
Classification number DPer 361.3095 As41 March-December 2024 v. 34 n. 1-4
100 ## - MAIN ENTRY--PERSONAL NAME
Personal name Song, Yaena.
Relator term author.
9 (RLIN) 70335
245 ## - TITLE STATEMENT
Title Multilevel factors associated with depressive mood among multicultural adolescents in South Korea /
Statement of responsibility, etc. Yaena Song and Sou Hyun Jang.
260 ## - PUBLICATION, DISTRIBUTION, ETC. (IMPRINT)
Place of publication, distribution, etc. Oxfordshire, United Kingdom :
Name of publisher, distributor, etc. Routledge Taylor & Francis Group ,
Date of publication, distribution, etc. June 2024
300 ## - PHYSICAL DESCRIPTION
Extent volume 34, pages 128-144 :
Other physical details illustration ;
Dimensions 24cm.
500 ## - GENERAL NOTE
General note Asia Pacific Journal of Social Work & Development, Vol. 34, No. 2, Pages 128-144, June 2024
700 ## - ADDED ENTRY--PERSONAL NAME
Personal name Song, Yaena.
Relator term author.
9 (RLIN) 70335
700 ## - ADDED ENTRY--PERSONAL NAME
Personal name Jang, Sou Hyun.
Relator term author.
9 (RLIN) 70336
942 ## - ADDED ENTRY ELEMENTS (KOHA)
Source of classification or shelving scheme Dewey Decimal Classification
Koha item type Periodicals
Holdings
Withdrawn status Lost status Source of classification or shelving scheme Damaged status Not for loan Collection code Home library Current library Date acquired Total Checkouts Full call number Date last seen Price effective from Koha item type Public note
    Dewey Decimal Classification     Periodicals UM Digos College - LIC UM Digos College - LIC 03/28/2026   DPer 361.3095 As41 March-December 2024 v. 34 n. 1-4 03/28/2026   Periodicals Periodical Article